000 00835cab a2200241 4500
001 WB3420-18
008 090401t1998 xxu||||| |||| 00| 0 eng d
035 _a(Sirsi) u86398
041 _aeng
245 _aOpenness for PFI contracts
260 _c1998
350 _a0
490 _aFinancial Times
_v26 May 1998, 10(1)
520 _aThe planned freedom of information legislation will extend to PFI contracts, although commercial confidentiality will be protected. A standard form of words on tender documents may be produced t deal with this, according to the Cabinet Office.
650 _aContracts
_96232
650 _aFREEDOM OF INFORMATION
650 _aPFI
650 _aPRIVATE FINANCE INITIATIVE
650 _aTENDERS
690 _aPROPERTY-PROPERTY FINANCE AND INVESTMENT
942 _n0
948 _c27/05/1998
999 _c54370
_d54370